• Giovani Amici del Rosario (G.A.R.)

di Personal Name

Records bibliografici associati: 1

001 - CONTROL NUMBER

  • control field: 2522

003 - CONTROL NUMBER IDENTIFIER

  • control field: IT-RoPau

005 - DATE AND TIME OF LATEST TRANSACTION

  • control field: 20131120153643.0

008 - FIXED-LENGTH DATA ELEMENTS

  • fixed length control field: 131120|| aca||aabn | a|a d

040 ## - CATALOGING SOURCE

  • Original cataloging agency: IT-RoPau
  • Transcribing agency: IT-RoPau

100 ## - HEADING--PERSONAL NAME

  • Personal name: Giovani Amici del Rosario (G.A.R.)
  • Miscellaneous information: Codice Autore SPICS: 10924
  • Relator term: Autore

670 ## - SOURCE DATA FOUND

  • Source citation: Work cat.: (IT-RoPau)99694: AA.VV. 794, Cantiamo Maria (Lp Sm 30.18)
CREDITS: SOCIETA' SAN PAOLO Via A.Severo, 58 - ROMA (RM) & PERIODICI SAN PAOLO SRL Via Giotto, 36 MILANO & CISF Via Giotto, 36 MILANO & EDIZIONI SAN PAOLO SRL,  Piazza Soncino, 5 CINISELLO BALSAMO (MI) -- ITALY